La verdad sospechosa /

Guardado en:
Autor Principal: Ruíz de Alarcón, Juan
Formato: Libro
Publicado: Buenos Aires : Sopena Argentina, 1962
Edición:6a. ed.
Materias:
Etiquetas: Agregar Etiqueta
Sin Etiquetas, Sea el primero en etiquetar este registro!
LEADER 00461nam a22001695a 4500
001 CEM.cems005652
005 20060221000000.0
008 130507s1962##################000#0#####d
003 CEMS
082 0 4 |a 862.1 
100 1 |a Ruíz de Alarcón, Juan 
245 1 0 |a La verdad sospechosa / 
250 |a 6a. ed. 
260 |a Buenos Aires :  |b Sopena Argentina,  |c 1962 
300 |a 158 p. 
653 |a Literatura 
859 |a CEMS  |b BIB. CEMS - 11 de abril  |h 862.1  |i R859-2a6  |p 4621.75  |t Ej.1